| Tag |
First Indicator |
Second Indicator |
Subfields |
| LEADER |
00000cam a2200000 a 4500 |
| 001 |
in00000062580 |
| 005 |
20151007083026.0 |
| 008 |
740220s1957 enk 00110 engm |
| 010 |
|
|
|a 58001138
|
| 020 |
|
|
|a 0710033613
|
| 035 |
|
|
|a (OCoLC)00808700
|
| 035 |
|
|
|9 AAF8744AM
|
| 040 |
|
|
|a DLC
|c YNG
|d TXA
|d UtOrBLW
|
| 049 |
|
|
|a TXAM
|c [300886]
|
| 050 |
|
0 |
|a HB885
|b .C6
|
| 100 |
1 |
|
|a Coontz, Sidney H.
|q (Sidney Harry)
|
| 245 |
1 |
0 |
|a Population theories and the economic interpretation /
|c by Sydney H. Coontz.
|
| 264 |
|
1 |
|a London :
|b Routledge & Paul,
|c 1957.
|
| 300 |
|
|
|a 200 pages ;
|c 22 cm.
|
| 336 |
|
|
|a text
|b txt
|2 rdacontent
|
| 337 |
|
|
|a unmediated
|b n
|2 rdamedia
|
| 338 |
|
|
|a volume
|b nc
|2 rdacarrier
|
| 490 |
1 |
|
|a International library of sociology and social reconstruction
|
| 504 |
|
|
|a Includes bibliographical references and index.
|
| 650 |
|
0 |
|a Population.
|
| 650 |
|
0 |
|a Families.
|
| 650 |
|
0 |
|a Fertility, Human.
|
| 830 |
|
0 |
|a International library of sociology and social reconstruction (Routledge & Kegan Paul)
|
| 999 |
|
|
|a MARS
|
| 999 |
f |
f |
|s 8c0a2c98-6724-33c4-b1b9-484c85f33ad4
|i 0f361ccb-4517-3898-a8b6-57df8606cb05
|t 0
|